Tích tụ ruộng đất tại Đồng bằng sông Cửu Long và những vấn đề đặt ra /

में बचाया:
ग्रंथसूची विवरण
मुख्य लेखक: Tạ Doãn Cường.
स्वरूप: लेख
भाषा:Vietnamese
विषय:
टैग : टैग जोड़ें
कोई टैग नहीं, इस रिकॉर्ड को टैग करने वाले पहले व्यक्ति बनें!
Thư viện lưu trữ: Thư viện Trường Đại học Đà Lạt
LEADER 00831nam a2200253 4500
001 DLU180186372
005 ##20180823
040 # # |a DLU  |b vie 
041 # # |a vie 
044 # # |a vn 
100 # # |a Tạ Doãn Cường. 
245 # # |a Tích tụ ruộng đất tại Đồng bằng sông Cửu Long và những vấn đề đặt ra /  |c Tạ Doãn Cường. 
653 # # |a Kinh tế trang trại 
653 # # |a Ruộng đất 
653 # # |a Sản xuất nông nghiệp 
773 # # |t Tạp chí Khoa học xã hội Thành phố Hồ Chí Minh  |g Số 10(218), 2016, tr. 13-19 
920 # # |a Phòng Tạp chí -- Trung tâm Thông tin - Thư viện Trường Đại học Đà Lạt 
900 # # |a True 
911 # # |a Hoàng Thị Huyền 
925 # # |a G 
926 # # |a A 
927 # # |a BB 
980 # # |a Thư viện Trường Đại học Đà Lạt